A study on Vietnamese efl learners' request strategies : Master of education program: Principles and methods in English language education
Luận văn nhằm điều tra sự khác biệt trong tiếng Anh và tiếng Việt khi sử dụng lời yêu cầu trong giao tiếp và những ảnh hưởng của sự chuyển giao ngữ dụng từ tiếng việt sang tiếng Anh từ những người học tiếng Anh ở Việt Nam....
Guardado en:
| Autor principal: | |
|---|---|
| Formato: | Libro |
| Lenguaje: | Undetermined |
| Publicado: |
Cần Thơ
Trường Đại học Cần Thơ
2011
|
| Materias: | |
| Etiquetas: |
Agregar Etiqueta
Sin Etiquetas, Sea el primero en etiquetar este registro!
|
| Thư viện lưu trữ: | Trung tâm Học liệu Trường Đại học Cần Thơ |
|---|
| LEADER | 01146nam a2200229Ia 4500 | ||
|---|---|---|---|
| 001 | CTU_167871 | ||
| 008 | 210402s9999 xx 000 0 und d | ||
| 082 | |a 428.007 | ||
| 082 | |b Ng100 | ||
| 088 | |a 60140111 | ||
| 100 | |a Trần, Thanh Nga | ||
| 245 | 2 | |a A study on Vietnamese efl learners' request strategies : | |
| 245 | 0 | |b Master of education program: Principles and methods in English language education | |
| 245 | 0 | |c Trần Thanh Nga ; Bui Lan Chi ( supervisor ) | |
| 260 | |a Cần Thơ | ||
| 260 | |b Trường Đại học Cần Thơ | ||
| 260 | |c 2011 | ||
| 520 | |a Luận văn nhằm điều tra sự khác biệt trong tiếng Anh và tiếng Việt khi sử dụng lời yêu cầu trong giao tiếp và những ảnh hưởng của sự chuyển giao ngữ dụng từ tiếng việt sang tiếng Anh từ những người học tiếng Anh ở Việt Nam. | ||
| 650 | |a English language,Tiếng Anh | ||
| 650 | |x Study and teaching,Nghiên cứu và giảng dạy | ||
| 904 | |i QHieu | ||
| 980 | |a Trung tâm Học liệu Trường Đại học Cần Thơ | ||